[Event "LSV Turm Lippstadt 1 - Bahn-SC Wupperta"]
[Site "NRW-Klasse, Gruppe 1 2015/201"]
[Date "2015.12.20"]
[Round "4.3"]
[White "Savchenko, Aleksij"]
[Black "Hecht, Carsten"]
[Result "1/2-1/2"]
[WhiteElo "2202"]
[BlackElo "2163"]
[PlyCount "46"]
[EventDate "2015.??.??"]
[WhiteTeam "Bahn-SC Wuppertal 1"]
[BlackTeam "LSV Turm Lippstadt 1"]

1. d4 Nf6 2. c4 g6 3. Nc3 d5 4. Nf3 Bg7 5. Bg5 Ne4 6. cxd5 Nxg5 7. Nxg5 e6 8.
Qd2 exd5 9. Qe3+ Kf8 10. Qf4 Bf6 11. h4 Kg7 12. e3 h6 13. Nf3 Be6 14. Bd3 c5
15. dxc5 Nd7 16. Rd1 Nxc5 17. Bb1 Qb8 18. Qxb8 Raxb8 19. Nd4 b5 20. b4 Nd7 21.
Ncxb5 Bxd4 22. Nxd4 Rxb4 23. O-O Rc8 1/2-1/2

[Event "LSV Turm Lippstadt 1 - Bahn-SC Wupperta"]
[Site "NRW-Klasse, Gruppe 1 2015/201"]
[Date "2015.12.20"]
[Round "4.4"]
[White "Meier, Jan"]
[Black "Bashilin, Roman"]
[Result "1/2-1/2"]
[WhiteElo "2041"]
[BlackElo "2216"]
[PlyCount "73"]
[EventDate "2015.??.??"]
[WhiteTeam "LSV Turm Lippstadt 1"]
[BlackTeam "Bahn-SC Wuppertal 1"]

1. d4 Nf6 2. c4 g6 3. Nc3 Bg7 4. Nf3 d6 5. g3 O-O 6. Bg2 Nfd7 7. e4 e5 8. d5 a5
9. O-O Nc5 10. Ne1 f5 11. exf5 Bxf5 12. Be3 Nba6 13. g4 Bd7 14. h3 b6 15. Nd3
Bf6 16. Nxc5 Nxc5 17. Qd2 Rf7 18. Ne4 Nxe4 19. Bxe4 Qe7 20. Rac1 Raf8 21. b3
Bh4 22. Kh2 Qf6 23. f3 Kh8 24. a3 Qe7 25. b4 axb4 26. axb4 Ra8 27. Ra1 Rff8 28.
Rfc1 Bf6 29. c5 bxc5 30. bxc5 Rxa1 31. Rxa1 Rb8 32. Ra7 Qd8 33. Qa5 Bg5 34. Bf2
Rb2 35. Kg1 Bh4 36. Be3 Bg5 37. Bf2 1/2-1/2

[Event "LSV Turm Lippstadt 1 - Bahn-SC Wupperta"]
[Site "NRW-Klasse, Gruppe 1 2015/201"]
[Date "2015.12.20"]
[Round "4.5"]
[White "Ries, Benjamin"]
[Black "Grobbel, Rainer"]
[Result "1-0"]
[WhiteElo "2108"]
[BlackElo "2110"]
[PlyCount "55"]
[EventDate "2015.??.??"]
[WhiteTeam "Bahn-SC Wuppertal 1"]
[BlackTeam "LSV Turm Lippstadt 1"]

1. d4 d5 2. c4 e6 3. Nc3 Nf6 4. cxd5 exd5 5. Bg5 Be7 6. e3 c6 7. Bd3 O-O 8. Nf3
Nbd7 9. h3 Re8 10. O-O Ne4 11. Bf4 Ndf6 12. Ne5 Bf5 13. Qc2 h6 14. f3 Nxc3 15.
Bxf5 Nb5 16. Rac1 Qb6 17. Kh1 Rad8 18. g4 Nd6 19. Bd3 Nd7 20. Qh2 Nf8 21. h4 g5
22. Bg3 Kg7 23. f4 gxh4 24. Bxh4 Bxh4 25. Qxh4 f6 26. g5 hxg5 27. fxg5 fxe5 28.
Qh6+ 1-0

[Event "LSV Turm Lippstadt 1 - Bahn-SC Wupperta"]
[Site "NRW-Klasse, Gruppe 1 2015/201"]
[Date "2015.12.20"]
[Round "4.6"]
[White "Chapman, Alan John"]
[Black "Tueckmantel, Rene"]
[Result "0-1"]
[WhiteElo "2015"]
[BlackElo "2130"]
[PlyCount "76"]
[EventDate "2015.??.??"]
[WhiteTeam "LSV Turm Lippstadt 1"]
[BlackTeam "Bahn-SC Wuppertal 1"]

1. e4 e5 2. Nf3 Nc6 3. Bb5 a6 4. Ba4 Nf6 5. Qe2 Be7 6. d4 exd4 7. e5 Nd5 8. Bb3
Nb6 9. a4 d5 10. a5 Nc4 11. Ba4 Bb4+ 12. c3 dxc3 13. bxc3 Bc5 14. O-O O-O 15.
Bg5 Be7 16. Bf4 Bg4 17. Bc2 Qd7 18. Rd1 Rad8 19. Nbd2 Na3 20. Ba4 Qf5 21. Bg3
Nxa5 22. Qf1 b5 23. Nd4 Qc8 24. f3 Bf5 25. N2b3 N5c4 26. Nxf5 Qxf5 27. Nd4 Qg6
28. Bb3 Ne3 29. Qd3 Nxd1 30. Qxd1 c5 31. Ne2 c4 32. Nf4 Qb6+ 33. Bf2 Bc5 34.
Bd4 b4 35. Ba4 bxc3 36. Rxa3 Bxd4+ 37. Kh1 Qb2 38. Ra1 c2 0-1

[Event "LSV Turm Lippstadt 1 - Bahn-SC Wupperta"]
[Site "NRW-Klasse, Gruppe 1 2015/201"]
[Date "2015.12.20"]
[Round "4.7"]
[White "Werbeck, Torsten"]
[Black "Roemhild, Marcus"]
[Result "1/2-1/2"]
[WhiteElo "2092"]
[BlackElo "2026"]
[PlyCount "57"]
[EventDate "2015.??.??"]
[WhiteTeam "Bahn-SC Wuppertal 1"]
[BlackTeam "LSV Turm Lippstadt 1"]

1. d4 Nf6 2. Nf3 c5 3. d5 b5 4. c4 Bb7 5. Nbd2 bxc4 6. e4 e6 7. dxe6 dxe6 8. e5
c3 9. bxc3 Nfd7 10. Nc4 Nc6 11. Bg5 Qc7 12. Qa4 Nb6 13. Qb5 Nxc4 14. Bxc4 a6
15. Qa4 h6 16. Be3 Be7 17. O-O O-O 18. Rfe1 Rfd8 19. Rab1 Bc8 20. Bf4 Bf8 21.
Bf1 Bd7 22. Qe4 Ne7 23. Qc2 Bc6 24. Nd2 Nd5 25. Bg3 Qa5 26. Ne4 Ba4 27. Qc1 Rd7
28. c4 Nb4 29. Qc3 1/2-1/2

[Event "LSV Turm Lippstadt 1 - Bahn-SC Wupperta"]
[Site "NRW-Klasse, Gruppe 1 2015/201"]
[Date "2015.12.20"]
[Round "4.8"]
[White "Laurenz, Waldemar"]
[Black "Bogorad, Michail"]
[Result "1-0"]
[WhiteElo "1938"]
[BlackElo "2031"]
[PlyCount "115"]
[EventDate "2015.??.??"]
[WhiteTeam "LSV Turm Lippstadt 1"]
[BlackTeam "Bahn-SC Wuppertal 1"]

1. Nf3 c5 2. c4 Nc6 3. Nc3 g6 4. g3 Bg7 5. Bg2 d6 6. O-O Nh6 7. d3 Nf5 8. Rb1
O-O 9. Bd2 Rb8 10. a3 a5 11. Re1 Bd7 12. e3 e5 13. Ne4 b5 14. cxb5 Rxb5 15. g4
Nfe7 16. Nxd6 Rb8 17. Ne4 Bxg4 18. Nxc5 e4 19. Nxe4 Qxd3 20. Qa4 Rxb2 21. Rbc1
Qb3 22. Nf6+ Bxf6 23. Qxg4 Qxa3 24. Qe4 Nb4 25. Bf1 Ra2 26. Bc4 Nf5 27. Bxa2
Nxa2 28. Rc6 Bg7 29. Qc4 Nd6 30. Rxd6 Qxd6 31. Qxa2 Ra8 32. Qa4 h6 33. Nd4 Qd5
34. Qc6 Qxc6 35. Nxc6 a4 36. Nd4 a3 37. Bc3 a2 38. Ra1 h5 39. Kf1 g5 40. Ke2 g4
41. Kd3 Be5 42. Nc2 Rd8+ 43. Bd4 Bxh2 44. Rh1 Be5 45. Rxh5 Bxd4 46. exd4 Ra8
47. Rh1 Kg7 48. Ra1 Kg6 49. Nb4 Ra3+ 50. Kc4 f5 51. Rxa2 Rxa2 52. Nxa2 f4 53.
Nc1 Kf5 54. Kd3 g3 55. fxg3 fxg3 56. Ne2 g2 57. Ke3 Kg4 58. Kf2 1-0

[Event "SC Rochade Emsdetten 1 - Kölner SK Dr. "]
[Site "NRW-Klasse, Gruppe 1 2015/201"]
[Date "2015.12.20"]
[Round "4.1"]
[White "Paris, Michael"]
[Black "Kabatianski, Alexander"]
[Result "1-0"]
[WhiteElo "2194"]
[BlackElo "2378"]
[PlyCount "87"]
[EventDate "2015.??.??"]
[WhiteTeam "Kölner SK Dr. Lasker 1"]
[BlackTeam "SC Rochade Emsdetten 1"]

1. d4 Nf6 2. Nf3 e6 3. e3 b6 4. Bd3 Bb7 5. O-O c5 6. c4 Be7 7. Nc3 a6 8. d5
exd5 9. cxd5 Nxd5 10. Nxd5 Bxd5 11. Ne5 d6 12. Bb5+ axb5 13. Qxd5 dxe5 14. Qxa8
Qc7 15. a4 bxa4 16. Qxa4+ Nc6 17. b3 O-O 18. Bb2 Bd6 19. Rfd1 Re8 20. h3 e4 21.
Qb5 h6 22. Kh1 Kf8 23. Bc3 Kg8 24. Ra7 Qc8 25. Ra6 Re6 26. Rxb6 Bf8 27. Qa6 Qe8
28. Qb7 f5 29. Rd7 Re7 30. Rxe7 Nxe7 31. Qb8 Qh5 32. Qd8 Qf7 33. Qd7 Kh7 34.
Re6 f4 35. exf4 Qxf4 36. Qd2 Qf7 37. Rxe4 Qxb3 38. Qd3 Ng6 39. h4 h5 40. Re5
Qf7 41. Rxh5+ Kg8 42. Kg1 Be7 43. Rf5 Qe6 44. g3 1-0

[Event "SC Rochade Emsdetten 1 - Kölner SK Dr. "]
[Site "NRW-Klasse, Gruppe 1 2015/201"]
[Date "2015.12.20"]
[Round "4.2"]
[White "Lehmann, Holger"]
[Black "Lindam, Ingo"]
[Result "1/2-1/2"]
[WhiteElo "2153"]
[BlackElo "2058"]
[Annotator "Hausrath,Daniel"]
[PlyCount "29"]
[EventDate "2015.??.??"]
[WhiteTeam "SC Rochade Emsdetten 1"]
[BlackTeam "Kölner SK Dr. Lasker 1"]

1. e4 c5 2. Nf3 e6 3. d4 cxd4 4. Nxd4 Nc6 5. Nc3 Qc7 6. g3 a6 7. Bg2 Nf6 8. O-O
Nxd4 9. Qxd4 Bc5 10. Bf4 d6 $11 11. Qd2 h6 12. Na4 e5 13. Nxc5 dxc5 14. Be3 Ng4
15. Rfd1 1/2-1/2

[Event "SC Rochade Emsdetten 1 - Kölner SK Dr. "]
[Site "NRW-Klasse, Gruppe 1 2015/201"]
[Date "2015.12.20"]
[Round "4.3"]
[White "Kloss, Henning"]
[Black "Paalman, Henk-Jan"]
[Result "1/2-1/2"]
[WhiteElo "2165"]
[BlackElo "2128"]
[PlyCount "46"]
[EventDate "2015.??.??"]
[WhiteTeam "Kölner SK Dr. Lasker 1"]
[BlackTeam "SC Rochade Emsdetten 1"]

1. d4 Nf6 2. c4 e6 3. g3 Be7 4. Bg2 d5 5. Nf3 O-O 6. O-O dxc4 7. Qc2 b5 8. a4
b4 9. Nbd2 Bb7 10. Nxc4 c5 11. dxc5 Be4 12. Qb3 Na6 13. Be3 Nxc5 14. Bxc5 Bxc5
15. Rfd1 Qc7 16. Ne1 Rac8 17. Rac1 Rfd8 18. e3 Rxd1 19. Qxd1 Bf8 20. Nd3 Rd8
21. Bxe4 Nxe4 22. Nce5 Qd6 23. Qg4 f5 1/2-1/2

[Event "SC Rochade Emsdetten 1 - Kölner SK Dr. "]
[Site "NRW-Klasse, Gruppe 1 2015/201"]
[Date "2015.12.20"]
[Round "4.4"]
[White "Mueller, Achim"]
[Black "Nagel, Bernhard"]
[Result "1-0"]
[WhiteElo "2077"]
[BlackElo "2182"]
[PlyCount "95"]
[EventDate "2015.??.??"]
[WhiteTeam "SC Rochade Emsdetten 1"]
[BlackTeam "Kölner SK Dr. Lasker 1"]

1. e4 c5 2. Nf3 e6 3. d4 cxd4 4. c3 Nf6 5. e5 Nd5 6. cxd4 d6 7. Bc4 Be7 8. O-O
O-O 9. Nc3 Nxc3 10. bxc3 dxe5 11. Nxe5 Nc6 12. Nxc6 bxc6 13. Qf3 Qc7 14. Bf4
Bd6 15. Bxd6 Qxd6 16. Rab1 Rd8 17. Rb3 Bd7 18. Qg3 Qxg3 19. hxg3 Rdb8 20. Rfb1
Rxb3 21. axb3 Rc8 22. Ra1 Rc7 23. Ra5 Kf8 24. f4 Ke7 25. Kf2 f6 26. Ke3 Be8 27.
Be2 Bg6 28. Bd1 Kd6 29. b4 Rb7 30. Ra6 Be8 31. Ba4 Kc7 32. f5 exf5 33. d5 Kd6
34. Kd4 Re7 35. dxc6 Rc7 36. c4 Bh5 37. c5+ Ke7 38. Ke3 Kd8 39. b5 Re7+ 40. Kd2
Re2+ 41. Kc3 Rxg2 42. Rxa7 Rxg3+ 43. Kb4 Bf3 44. b6 Rg4+ 45. Kb5 h5 46. Ra8+
Ke7 47. b7 Be2+ 48. Ka5 1-0

[Event "SC Rochade Emsdetten 1 - Kölner SK Dr. "]
[Site "NRW-Klasse, Gruppe 1 2015/201"]
[Date "2015.12.20"]
[Round "4.5"]
[White "Fox, Daniel"]
[Black "Hiller, Simon"]
[Result "1-0"]
[WhiteElo "2167"]
[BlackElo "2064"]
[PlyCount "71"]
[EventDate "2015.??.??"]
[WhiteTeam "Kölner SK Dr. Lasker 1"]
[BlackTeam "SC Rochade Emsdetten 1"]

1. e4 c6 2. Nc3 d5 3. Nf3 Bg4 4. h3 Bxf3 5. Qxf3 e6 6. d4 dxe4 7. Nxe4 Qxd4 8.
Bd3 Nd7 9. Be3 Qd5 10. Rd1 Ne5 11. Qf4 Nxd3+ 12. Rxd3 e5 13. Qf5 Qa5+ 14. Bd2
Qc7 15. f4 Ne7 16. Qh5 Nd5 17. fxe5 g6 18. Qg5 Be7 19. Nf6+ Bxf6 20. exf6 h6
21. Qh4 g5 22. Qe4+ Kf8 23. O-O Qb6+ 24. Qd4 Kg8 25. c4 Qxd4+ 26. Rxd4 Nb6 27.
h4 Kh7 28. hxg5 Rhd8 29. Rh4 Nxc4 30. Rxh6+ Kg8 31. Bc3 Ne3 32. Rf4 Rd1+ 33.
Kf2 Re8 34. Rfh4 Rf1+ 35. Ke2 a6 36. Rh8# 1-0

[Event "SC Rochade Emsdetten 1 - Kölner SK Dr. "]
[Site "NRW-Klasse, Gruppe 1 2015/201"]
[Date "2015.12.20"]
[Round "4.6"]
[White "Topp, Michael"]
[Black "Cramer, Volker"]
[Result "1-0"]
[WhiteElo "2026"]
[BlackElo "2065"]
[Annotator "Hausrath,Daniel"]
[PlyCount "143"]
[EventDate "2015.??.??"]
[WhiteTeam "SC Rochade Emsdetten 1"]
[BlackTeam "Kölner SK Dr. Lasker 1"]

1. d4 f5 2. Bg5 g6 3. Nc3 Bg7 4. h4 h6 5. Bf4 Nf6 6. e3 O-O 7. Qf3 c6 8. Be2 d6
9. O-O-O Qa5 10. Qg3 Kh7 11. h5 gxh5 12. Nf3 Rg8 13. Qh4 Be6 14. Nd2 Bf7 15.
Nb3 Qc7 16. Bd3 Bg6 17. Bc4 Nbd7 18. Bxg8+ Rxg8 19. Nc5 Nxc5 20. dxc5 e5 21.
cxd6 Qa5 22. Bh2 Rd8 23. Qc4 Rd7 24. Qe6 e4 25. Qe5 Nd5 26. Qe6 Nxc3 27. bxc3
Rd8 28. Qb3 Bxc3 29. Bf4 Rd7 30. Rd4 Bf7 31. Qa4 Qb6 32. Qa3 Bxd4 33. exd4 Qxd4
34. Qb2 Qxb2+ 35. Kxb2 Kg6 36. Be5 Be6 37. Rh3 Rf7 38. Rg3+ Kh7 39. Rh3 Kg6 40.
Rg3+ Kh7 41. Re3 Kg6 42. a3 h4 43. Kc3 Kg5 44. Kd4 b5 $11 45. a4 a6 46. axb5
axb5 47. Ra3 f4 48. Ra8 Kf5 49. Bh8 h3 50. gxh3 Bd5 51. Kc5 e3 52. fxe3 f3 53.
e4+ Bxe4 54. Bd4 Bd5 55. Re8 Kg6 56. Re5 f2 57. Bxf2 Bg2 58. Bh4 Bxh3 59. Kxc6
Bd7+ 60. Kb6 Rf4 61. Kc7 Bf5 62. Rxf5 Rc4+ 63. Kb6 Kxf5 64. d7 Rxh4 65. d8=Q
Rg4 66. Kxb5 h5 67. c4 h4 68. Qd5+ Kf4 69. Qd6+ Kg5 70. Qe5+ Kh6 71. c5 h3 72.
Qh8+ 1-0

[Event "SC Rochade Emsdetten 1 - Kölner SK Dr. "]
[Site "NRW-Klasse, Gruppe 1 2015/201"]
[Date "2015.12.20"]
[Round "4.7"]
[White "Loseries, Uwe"]
[Black "Lemli, Thomas"]
[Result "1/2-1/2"]
[WhiteElo "2144"]
[BlackElo "1992"]
[PlyCount "69"]
[EventDate "2015.??.??"]
[WhiteTeam "Kölner SK Dr. Lasker 1"]
[BlackTeam "SC Rochade Emsdetten 1"]

1. d4 d5 2. c4 c6 3. Nf3 Nf6 4. e3 Bg4 5. Qb3 Qb6 6. Ne5 Bf5 7. Nc3 e6 8. c5
Qc7 9. Be2 Nbd7 10. g4 Bg6 11. Nxg6 hxg6 12. f4 b6 13. cxb6 axb6 14. Bd2 Bd6
15. O-O-O b5 16. a3 Nb6 17. g5 Nfd7 18. h4 Nc4 19. h5 gxh5 20. Rxh5 Rxh5 21.
Bxh5 Ndb6 22. Be2 Rb8 23. Rh1 Nxd2 24. Kxd2 Nc4+ 25. Bxc4 bxc4 26. Rh8+ Bf8 27.
Qc2 g6 28. Kc1 c5 29. Qa4+ Ke7 30. Ne2 Qb6 31. Qc2 Kd7 32. Rh7 Ke8 33. Rh8 Kd7
34. Rh7 Ke8 35. Rh8 1/2-1/2

[Event "SC Rochade Emsdetten 1 - Kölner SK Dr. "]
[Site "NRW-Klasse, Gruppe 1 2015/201"]
[Date "2015.12.20"]
[Round "4.8"]
[White "Sommer, Uwe"]
[Black "Mandt, Mathias"]
[Result "1/2-1/2"]
[WhiteElo "2060"]
[BlackElo "2085"]
[PlyCount "43"]
[EventDate "2015.??.??"]
[WhiteTeam "SC Rochade Emsdetten 1"]
[BlackTeam "Kölner SK Dr. Lasker 1"]

1. e4 Nf6 2. e5 Nd5 3. d4 d6 4. Nf3 dxe5 5. dxe5 Bf5 6. Bc4 e6 7. c3 Be7 8. O-O
O-O 9. Nd4 Bg6 10. f4 Bc5 11. Kh1 Nb6 12. Bb3 Bxd4 13. cxd4 Nc6 14. Be3 Na5 15.
Bc2 Nac4 16. Bxg6 Nxe3 17. Qd3 fxg6 18. Qxe3 Nd5 19. Qe4 g5 20. f5 Ne7 21. g4
Qd5 22. Nc3 1/2-1/2

[Event "SK Königsspringer Iserlohn 1 - SF Kater"]
[Site "NRW-Klasse, Gruppe 1 2015/201"]
[Date "2015.12.20"]
[Round "4.1"]
[White "Scholz, Christian"]
[Black "Scheider, Julian"]
[Result "1/2-1/2"]
[WhiteElo "2333"]
[BlackElo "2291"]
[PlyCount "47"]
[EventDate "2015.??.??"]
[WhiteTeam "SF Katernberg 2"]
[BlackTeam "SK Königsspringer Iserlohn 1"]

1. d4 Nf6 2. c4 c5 3. d5 b5 4. Qc2 Na6 5. a3 bxc4 6. e4 e6 7. Nc3 Nc7 8. Bxc4
exd5 9. exd5 Be7 10. Nf3 O-O 11. O-O d6 12. h3 Nd7 13. Bf4 Nb6 14. Ba2 Bb7 15.
Rfd1 c4 16. Nd4 Ncxd5 17. Nxd5 Bxd5 18. Nf5 g6 19. Nh6+ Kh8 20. Be3 Be6 21.
Bd4+ Bf6 22. Bxf6+ Qxf6 23. Rxd6 Qe5 24. Rd2 1/2-1/2

[Event "SK Königsspringer Iserlohn 1 - SF Kater"]
[Site "NRW-Klasse, Gruppe 1 2015/201"]
[Date "2015.12.20"]
[Round "4.2"]
[White "Kramps, Rene"]
[Black "Rosen, Bernd"]
[Result "1/2-1/2"]
[WhiteElo "2039"]
[BlackElo "2253"]
[PlyCount "27"]
[EventDate "2015.??.??"]
[WhiteTeam "SK Königsspringer Iserlohn 1"]
[BlackTeam "SF Katernberg 2"]

1. e4 e6 2. d4 d5 3. exd5 exd5 4. Nf3 Nf6 5. c4 Bb4+ 6. Nc3 O-O 7. Be2 dxc4 8.
O-O Be6 9. Bg5 c6 10. Ne5 h6 11. Bh4 Be7 12. Bxc4 Bxc4 13. Nxc4 Nbd7 14. Re1
1/2-1/2

[Event "SK Königsspringer Iserlohn 1 - SF Kater"]
[Site "NRW-Klasse, Gruppe 1 2015/201"]
[Date "2015.12.20"]
[Round "4.3"]
[White "Hoolt, Sarah"]
[Black "Franke, Thomas"]
[Result "1/2-1/2"]
[WhiteElo "2224"]
[BlackElo "2074"]
[Annotator "Hausrath,Daniel"]
[PlyCount "81"]
[EventDate "2015.??.??"]
[WhiteTeam "SF Katernberg 2"]
[BlackTeam "SK Königsspringer Iserlohn 1"]

1. e4 e6 2. d4 d5 3. Nc3 Bb4 4. e5 c5 5. a3 Ba5 6. Qg4 Ne7 7. Nf3 cxd4 8. b4
dxc3 9. bxa5 Nbc6 10. Qxg7 Rg8 11. Qxh7 Qc7 12. Bf4 Bd7 13. a6 b6 14. Bg3 O-O-O
15. Qd3 Na5 16. Nd4 Ba4 17. Be2 Qc5 18. O-O Nec6 $11 19. Nf3 Rg7 20. Rfe1 Rdg8
21. Bf1 Rg4 22. Bh4 Nd4 23. Nxd4 Qxd4 24. Bf6 Qxd3 25. cxd3 Nb3 26. Ra2 Kd7 27.
h4 Nd2 28. Rc1 d4 29. g3 Nxf1 30. Kxf1 Bb5 31. Ke2 Re4+ 32. Kf3 Bxd3 33. Rd1 c2
34. Rxd3 c1=Q 35. Kxe4 Rg4+ 36. Kf3 Rg6 37. Rxd4+ Kc6 38. Rdd2 Qh1+ 39. Ke3 Kb5
40. Rab2+ Kxa6 41. Bg5 1/2-1/2

[Event "SK Königsspringer Iserlohn 1 - SF Kater"]
[Site "NRW-Klasse, Gruppe 1 2015/201"]
[Date "2015.12.20"]
[Round "4.4"]
[White "Kind, Bertram"]
[Black "Wessendorf, Thomas"]
[Result "1/2-1/2"]
[WhiteElo "2170"]
[BlackElo "2214"]
[PlyCount "145"]
[EventDate "2015.??.??"]
[WhiteTeam "SK Königsspringer Iserlohn 1"]
[BlackTeam "SF Katernberg 2"]

1. e4 c5 2. Nc3 Nc6 3. f4 g6 4. Nf3 Bg7 5. Bc4 e6 6. f5 Nge7 7. fxe6 dxe6 8. d3
O-O 9. O-O Na5 10. Qe1 Nec6 11. Bg5 f6 12. Be3 Nxc4 13. dxc4 b6 14. Rd1 Qe7 15.
Bf4 Rd8 16. Rxd8+ Qxd8 17. Qf2 Ba6 18. Rd1 Qe8 19. b3 Rd8 20. Re1 Nd4 21. e5 f5
22. a4 Qd7 23. Bg5 Nxf3+ 24. gxf3 Ra8 25. Qe3 Bb7 26. Rd1 Qc6 27. Rd6 Qxd6 28.
exd6 Bd4 29. Qxd4 cxd4 30. Nb5 Bc8 31. Nxd4 Bd7 32. Nb5 Kf7 33. f4 Bxb5 34.
cxb5 Ke8 35. Bf6 a6 36. bxa6 Rxa6 37. c4 Kd7 38. Be5 Kc6 39. Kf2 Ra8 40. Ke3 h6
41. h4 Rg8 42. Kd4 Rd8 43. Kc3 Ra8 44. Kd3 Ra7 45. Ke3 Rh7 46. Kf3 Kc5 47. Ke3
Kb4 48. Bf6 Rd7 49. Be7 Kc5 50. Kd3 Kc6 51. Kd4 Ra7 52. Ke5 Kd7 53. Kf6 Ra8 54.
Kxg6 Rg8+ 55. Kf6 Rg4 56. Ke5 Rg3 57. b4 Ra3 58. c5 bxc5 59. bxc5 Re3+ 60. Kf6
Rc3 61. Kg6 Rxc5 62. Kxh6 e5 63. fxe5 Rxe5 64. Kg5 Ke6 65. h5 Re4 66. h6 Rg4+
67. Kh5 Rxa4 68. h7 Ra8 69. Kg6 f4 70. Kg7 f3 71. Bh4 Kxd6 72. h8=Q Rxh8 73.
Kxh8 1/2-1/2

[Event "SK Königsspringer Iserlohn 1 - SF Kater"]
[Site "NRW-Klasse, Gruppe 1 2015/201"]
[Date "2015.12.20"]
[Round "4.5"]
[White "Bee, Marcus"]
[Black "Messarius, Juergen"]
[Result "1/2-1/2"]
[WhiteElo "2175"]
[BlackElo "2172"]
[PlyCount "36"]
[EventDate "2015.??.??"]
[WhiteTeam "SF Katernberg 2"]
[BlackTeam "SK Königsspringer Iserlohn 1"]

1. Nf3 f5 2. d4 g6 3. g3 d6 4. Bg2 c6 5. O-O Bg7 6. c4 Nf6 7. Nc3 O-O 8. Rb1
Na6 9. b4 Nc7 10. Qb3 h6 11. d5 Bd7 12. Rd1 cxd5 13. cxd5 e5 14. dxe6 Bxe6 15.
Qc2 d5 16. Bf4 Re8 17. Qd2 Kh7 18. Rbc1 Rc8 1/2-1/2

[Event "SK Königsspringer Iserlohn 1 - SF Kater"]
[Site "NRW-Klasse, Gruppe 1 2015/201"]
[Date "2015.12.20"]
[Round "4.6"]
[White "Klauke, Stefan"]
[Black "Gassmann, Volker"]
[Result "1/2-1/2"]
[WhiteElo "2099"]
[BlackElo "2104"]
[PlyCount "104"]
[EventDate "2015.??.??"]
[WhiteTeam "SK Königsspringer Iserlohn 1"]
[BlackTeam "SF Katernberg 2"]

1. d4 Nf6 2. Nc3 d5 3. Bg5 Nbd7 4. e3 g6 5. Bd3 Bg7 6. f4 O-O 7. Nf3 c5 8. O-O
Qb6 9. Qd2 a6 10. Bxf6 Qxf6 11. Nxd5 Qd6 12. Nc3 cxd4 13. exd4 Bxd4+ 14. Nxd4
Qxd4+ 15. Qf2 Qxf2+ 16. Rxf2 Nc5 17. Nd5 e6 18. Nb6 Rb8 19. Rd1 Rd8 20. Rfd2
Rd6 21. Nc4 Rc6 22. Ne5 Rc7 23. Be2 Kg7 24. Bf3 f6 25. Nc4 Na4 26. Nd6 Re7 27.
c4 a5 28. Ne4 f5 29. Nf2 Nc5 30. Nd3 Nxd3 31. Rxd3 Rc7 32. b3 b5 33. cxb5 Rxb5
34. Rd6 Rbc5 35. R1d2 Rc2 36. Kf2 Kf6 37. h4 h6 38. Bd1 Rxd2+ 39. Rxd2 g5 40.
hxg5+ hxg5 41. fxg5+ Kxg5 42. Rc2 Rxc2+ 43. Bxc2 e5 44. a3 Bb7 45. g3 e4 46. b4
axb4 47. axb4 Kg4 48. Bd1+ Kh3 49. b5 e3+ 50. Kxe3 Kxg3 51. Kd4 f4 52. b6 Kf2
1/2-1/2

[Event "SK Königsspringer Iserlohn 1 - SF Kater"]
[Site "NRW-Klasse, Gruppe 1 2015/201"]
[Date "2015.12.20"]
[Round "4.7"]
[White "Villwock, Martin"]
[Black "Schwanbeck, Christoph"]
[Result "0-1"]
[WhiteElo "2100"]
[BlackElo "2076"]
[PlyCount "56"]
[EventDate "2015.??.??"]
[WhiteTeam "SF Katernberg 2"]
[BlackTeam "SK Königsspringer Iserlohn 1"]

1. b3 d6 2. Bb2 Nh6 3. e4 f6 4. Bc4 e6 5. Ne2 d5 6. Bd3 Bd6 7. Ng3 O-O 8. O-O
c5 9. exd5 exd5 10. Qf3 Be5 11. Bxe5 fxe5 12. Qh5 Nc6 13. h3 e4 14. Be2 Rf4 15.
Nc3 Be6 16. Bd1 Rh4 17. Qe2 Nd4 18. Qe3 b6 19. f4 Qf6 20. Rb1 Rf8 21. Nce2 Bxh3
22. gxh3 Rxh3 23. Kg2 Qh4 24. Rh1 Rxh1 25. Nxh1 Nf3 26. Neg3 Qh2+ 27. Kf1 Ng4
28. Qe2 Qg1# 0-1

[Event "SK Königsspringer Iserlohn 1 - SF Kater"]
[Site "NRW-Klasse, Gruppe 1 2015/201"]
[Date "2015.12.20"]
[Round "4.8"]
[White "Franz, Christian"]
[Black "Imcke, Patrick"]
[Result "1/2-1/2"]
[WhiteElo "2000"]
[BlackElo "2075"]
[PlyCount "83"]
[EventDate "2015.??.??"]
[WhiteTeam "SK Königsspringer Iserlohn 1"]
[BlackTeam "SF Katernberg 2"]

1. Nf3 Nf6 2. d4 g6 3. Bf4 Bg7 4. c3 O-O 5. Nbd2 d5 6. h3 Bf5 7. e3 c5 8. dxc5
Nbd7 9. Nd4 e5 10. Nxf5 exf4 11. Nxg7 fxe3 12. fxe3 Kxg7 13. Qf3 Nxc5 14. O-O-O
Qb6 15. Kc2 Rfe8 16. Qf4 Rac8 17. Qd4 Qa5 18. Nb3 Nxb3 19. axb3 Re4 20. Qd2 Qb6
21. Be2 Rb4 22. Bf3 Rxb3 23. Rb1 Rb4 24. Rhf1 Qa5 25. g4 Rc7 26. g5 Ne4 27.
Bxe4 Rxe4 28. Rf3 Qa4+ 29. b3 Qa2+ 30. Rb2 Qa6 31. Kb1 Qe6 32. Qd3 Qe5 33. Rbf2
Qxg5 34. c4 Re5 35. Qd4 Kg8 36. h4 Qh5 37. Qxa7 Ree7 38. Qa8+ Kg7 39. Qa1+ Kg8
40. Qa8+ Kg7 41. Qa1+ Kg8 42. Qa8+ 1/2-1/2

[Event "SK Werther 1 - SV Kamen 1"]
[Site "NRW-Klasse, Gruppe 1 2015/201"]
[Date "2015.12.20"]
[Round "4.1"]
[White "Weidemann, Christian"]
[Black "Suchland, Marko"]
[Result "1/2-1/2"]
[WhiteElo "2297"]
[BlackElo "2134"]
[Annotator "Hausrath,Daniel"]
[PlyCount "120"]
[EventDate "2015.??.??"]
[WhiteTeam "SV Kamen 1"]
[BlackTeam "SK Werther 1"]

1. e4 c5 2. Nf3 g6 3. c3 Bg7 4. d4 cxd4 5. cxd4 d5 6. e5 Nh6 7. Nc3 Nc6 8. Bf4
Bg4 9. Be2 Nf5 10. O-O O-O 11. Re1 Bxf3 12. Bxf3 e6 13. Be3 f6 14. exf6 Qxf6
15. Ne2 Rae8 16. Rc1 Ncxd4 17. Nxd4 Nxd4 18. Qxd4 Qxd4 19. Bxd4 Bxd4 20. Rc2
Rc8 21. Rce2 Rc6 22. Rxe6 Rxe6 23. Rxe6 Rc8 24. Bxd5 Kf8 $11 25. Kf1 Rc2 26.
Re2 Rc1+ 27. Re1 Rc2 28. Re4 Rxf2+ 29. Ke1 Bb6 30. b4 g5 31. Re5 h6 32. Re6 Rf5
33. Bxb7 Rf7 34. Bf3 Re7 35. Rxe7 Kxe7 36. Kd2 Kd6 37. Kd3 Bg1 38. h3 Bf2 39.
Ke4 Be1 40. b5 Kc5 41. Be2 h5 42. Bxh5 Kxb5 43. Kf5 Bd2 44. Bf3 Kc5 45. g4 Kd6
46. Kf6 a5 47. Bg2 Kc5 48. Bf1 Kb4 49. Bd3 Ka3 50. Bc4 Be3 51. Bb3 Bd2 52. Kg6
Be3 53. Kh5 Kb4 54. h4 gxh4 55. Kxh4 Kc5 56. Kh5 Kd6 57. Kg6 Ke7 58. Kg7 Bg5
59. Kg6 Be3 60. g5 Kf8 1/2-1/2

[Event "SK Werther 1 - SV Kamen 1"]
[Site "NRW-Klasse, Gruppe 1 2015/201"]
[Date "2015.12.20"]
[Round "4.3"]
[White "Lütke, Jens"]
[Black "Haskenhoff, Jan"]
[Result "1/2-1/2"]
[WhiteElo "2201"]
[BlackElo "2096"]
[PlyCount "168"]
[EventDate "2015.??.??"]
[WhiteTeam "SV Kamen 1"]
[BlackTeam "SK Werther 1"]

1. e4 c5 2. Nf3 d6 3. Bb5+ Nc6 4. d4 cxd4 5. Qxd4 Bd7 6. Bxc6 Bxc6 7. Nc3 Nf6
8. Bg5 e6 9. O-O-O Be7 10. Rhe1 O-O 11. Kb1 Qc7 12. Qd2 Rfd8 13. Nd4 Rab8 14.
f3 b5 15. Nxc6 Qxc6 16. g4 b4 17. Ne2 Qa4 18. h4 Rb5 19. Qd3 Rc8 20. Nd4 Rbc5
21. Re2 R5c7 22. Qb5 Qxb5 23. Nxb5 Rd7 24. e5 Nd5 25. Bxe7 Nxe7 26. Rxd6 Rb7
27. Red2 Nd5 28. R6xd5 exd5 29. Nd6 Rcc7 30. Nxb7 Rxb7 31. Rxd5 Kf8 32. Kc1 Ke7
33. f4 b3 34. axb3 Rb4 35. f5 Rxg4 36. Ra5 Rxh4 37. Rxa7+ Ke8 38. Ra4 Rh2 39.
Re4 Rf2 40. f6 g5 41. b4 h5 42. b5 h4 43. b6 Kd7 44. Rd4+ Kc8 45. Rc4+ Kb7 46.
Rc7+ Kxb6 47. Rxf7 h3 48. e6 h2 49. Rh7 Rxf6 50. e7 Re6 51. Rxh2 Rxe7 52. Rh6+
Kc5 53. Rg6 Re5 54. Kd2 Kd4 55. Rd6+ Kc5 56. Rd3 Kc4 57. Re3 Rf5 58. Ke2 Kd4
59. Ra3 Rb5 60. Ra4+ Ke5 61. b3 Rc5 62. Kd3 Rd5+ 63. Ke3 Rc5 64. Re4+ Kf5 65.
c4 Rc8 66. b4 Rh8 67. b5 Rh1 68. Rd4 Rh3+ 69. Kd2 Rb3 70. Kc2 Rb4 71. Kc3 Rb1
72. Rd8 g4 73. Rg8 Kf4 74. Kd4 g3 75. Kc5 Kf3 76. b6 g2 77. Kc6 g1=Q 78. Rxg1
Rxg1 79. c5 Ke4 80. b7 Rb1 81. Kc7 Kd5 82. c6 Kc5 83. Kd7 Rb6 84. c7 Rxb7
1/2-1/2